Finančná veda a priestor pre reflexiu problému zhoršenia kvality životného prostredia

K procesu budovania znalostnej ekonomiky je povinná prispieť aj finančná veda a to v náväznosti na potrebu zabezpečiť koncept trvalo udržateľného rozvoja. V tejto spojitosti je povinná skúmať a implementovať poznatkový potenciál v riadiacej sfére v náväznosti na problematiku merania efektívnosti vyn...

Full description

Saved in:
Bibliographic Details
Main Author: Romančíková, Eva
Format: Book Chapter
Language:Slovak
Subjects:
Tags: Add Tag
No Tags, Be the first to tag this record!

MARC

LEADER 00000nla$a2200000$$$4500
001 0065539
005 20240502071756.9
041 0 |a slo 
044 |a SK 
245 1 0 |a Finančná veda a priestor pre reflexiu problému zhoršenia kvality životného prostredia  |c Eva Romančíková 
520 |a K procesu budovania znalostnej ekonomiky je povinná prispieť aj finančná veda a to v náväznosti na potrebu zabezpečiť koncept trvalo udržateľného rozvoja. V tejto spojitosti je povinná skúmať a implementovať poznatkový potenciál v riadiacej sfére v náväznosti na problematiku merania efektívnosti vynakladania finančných zdrojov na makroekonomickej a mikroekonomickej úrovni, problematiku využitia prostriedkov na zníženie zaťaženia životného prostredia, vytvorenie predpokladov na väčšiu angažovanosť bánk pri prefinancovaní environmentálnych projektov, vytvorenie predpokladov pre angažovanosť poisťovní pri ponuke poistných produktov v náväznosti na proces prevencie a odstraňovania environmentálnych škôd. 
610 2 0 |a prostredie životné 
610 2 0 |a ochrana prostredia životného 
610 2 0 |a ekológia 
610 2 0 |a banky 
610 2 0 |a poisťovne 
610 2 0 |a financie 
610 2 0 |a financovanie 
610 2 0 |a emisie 
610 2 0 |a dane 
610 2 0 |a prevencia 
610 2 0 |a efektívnosť 
100 1 |a Romančíková, Eva